[Event "VI Weekend Firenzescacchi A"]
[Site "Firenze ITA"]
[Date "2012.11.04"]
[Round "6"]
[White "Burgassi, Daniele"]
[Black "Landi, Alberto"]
[WhiteElo "1802"]
[BlackElo "1578"]
[Result "1-0"]
[PlyCount "43"]
[EventDate "2012.11.01"]

1. e4 Nf6 2. e5 Nd5 3. d4 d6 4. c4 Nb6 5. f4 dxe5 6. fxe5 c5 7. d5 e6 8. Nc3
exd5 9. cxd5 Qh4+ 10. g3 Qd4 11. Bf4 Bf5 12. Bg2 Na6 13. a3 g5 14. Bxg5 Qxe5+
15. Qe2 Bg7 16. Bf4 Qxe2+ 17. Ngxe2 O-O-O 18. O-O Nc7 19. Bxc7 Bd3 20. Bxd8
Bxc3 21. Nxc3 Bxf1 22. Rxf1 1-0

[Event "VI Weekend Firenzescacchi A"]
[Site "Firenze ITA"]
[Date "2012.11.04"]
[Round "6"]
[White "Calcagnile, Lucio"]
[Black "Garofalo, Simone"]
[WhiteElo "2025"]
[BlackElo "2009"]
[Result "0-1"]
[PlyCount "96"]
[EventDate "2012.11.01"]

1. Nf3 Nf6 2. c4 g6 3. b3 Bg7 4. Bb2 O-O 5. e3 d6 6. Be2 e5 7. d3 Nc6 8. O-O
Re8 9. Nbd2 Qe7 10. a3 a5 11. Qc2 Bf5 12. Nh4 Bd7 13. Nhf3 Rad8 14. Rfc1 Bf5
15. Ng5 Bc8 16. Nge4 Nd7 17. Nc3 Nf8 18. Nd5 Qd7 19. Ne4 Re6 20. Ng5 Ree8 21.
Ne4 Re6 22. Nec3 Nb8 23. b4 f5 24. bxa5 Qf7 25. Nb4 g5 26. Ncd5 c5 27. Na2 Rh6
28. f4 gxf4 29. exf4 Nc6 30. Bf3 Ne6 31. Qf2 Ned4 32. Bxd4 Nxd4 33. Rab1 Nxf3+
34. Qxf3 e4 35. dxe4 fxe4 36. Qxe4 Re8 37. Qf3 Bf5 38. Rxb7 Bd4+ 39. Kh1 Qf8
40. Nac3 Kh8 41. g4 Rhe6 42. Rbb1 Bxb1 43. Rxb1 Re1+ 44. Kg2 Rxb1 45. Nxb1 Re1
46. g5 Rg1+ 47. Kh3 Qf5+ 48. Kh4 Bf2+ 0-1

[Event "VI Weekend Firenzescacchi A"]
[Site "Firenze ITA"]
[Date "2012.11.04"]
[Round "6"]
[White "Cerri, Paolo"]
[Black "Engl, Alexander"]
[WhiteElo "1546"]
[BlackElo "1737"]
[Result "1/2-1/2"]
[PlyCount "59"]
[EventDate "2012.11.01"]

1. e4 d5 2. exd5 Qxd5 3. Nc3 Qd6 4. g3 Nf6 5. Bg2 c6 6. Nf3 Bg4 7. h3 Bh5 8. d3
e6 9. O-O Qc7 10. Bf4 Bd6 11. Bxd6 Qxd6 12. Qd2 Nbd7 13. Rfe1 O-O 14. Ne4 Qc7
15. Nxf6+ Nxf6 16. c3 Rad8 17. d4 c5 18. Qe3 cxd4 19. Nxd4 Qb6 20. Nb3 Qxe3 21.
Rxe3 Nd5 22. Re5 Bg6 23. c4 Nb6 24. Na5 Rd2 25. b4 Nd7 26. Re3 b6 27. Nc6 a6
28. Ne7+ Kh8 29. Nxg6+ hxg6 30. a3 1/2-1/2

[Event "VI Weekend Firenzescacchi A"]
[Site "Firenze ITA"]
[Date "2012.11.04"]
[Round "6"]
[White "Donzellotti, Giuseppe"]
[Black "Lantschner, Carmen"]
[WhiteElo "1511"]
[BlackElo "1662"]
[Result "1/2-1/2"]
[PlyCount "53"]
[EventDate "2012.11.01"]

1. Nc3 d6 2. d4 Nf6 3. e4 g6 4. Bg5 Bg7 5. Qd2 c6 6. Bh6 Bxh6 7. Qxh6 b5 8. a3
a5 9. Bd3 Na6 10. Nf3 Ng4 11. Qg7 Rf8 12. Qxh7 Nf6 13. Qh4 b4 14. Ne2 bxa3 15.
bxa3 Nc7 16. O-O Bg4 17. Qg3 Bxf3 18. Qxf3 Qd7 19. a4 Qg4 20. Qxg4 Nxg4 21.
Rab1 Kd7 22. Rb7 Rfb8 23. Rfb1 Kc8 24. R7b3 Rxb3 25. Rxb3 Rb8 26. h3 Rxb3 27.
cxb3 1/2-1/2

[Event "VI Weekend Firenzescacchi A"]
[Site "Firenze ITA"]
[Date "2012.11.04"]
[Round "6"]
[White "Engl, Stefan"]
[Black "Resch, Aaron"]
[WhiteElo "1857"]
[BlackElo "1692"]
[Result "0-1"]
[PlyCount "58"]
[EventDate "2012.11.01"]

1. f4 b6 2. e4 Bb7 3. Nc3 g6 4. Nf3 Bg7 5. d4 e6 6. Bd3 Ne7 7. O-O O-O 8. Qe1
h6 9. Be3 Nbc6 10. a3 a6 11. f5 Kh7 12. Qh4 exf5 13. g4 fxg4 14. Ng5+ Kg8 15.
Nxf7 Rxf7 16. Rxf7 Kxf7 17. Rf1+ Kg8 18. Bxh6 Bxd4+ 19. Kh1 Nf5 20. Qxg4 Ne5
21. Qh3 Qh4 22. Qxh4 Nxh4 23. Rf4 Nf5 24. Bg5 Rf8 25. Nd1 Nf7 26. Rg4 Nxg5 27.
Rxg5 Nh4 28. h3 Rf4 29. Bc4+ Kg7 0-1

[Event "VI Weekend Firenzescacchi A"]
[Site "Firenze ITA"]
[Date "2012.11.04"]
[Round "6"]
[White "Innocenti, Luca"]
[Black "Scali, Fausto"]
[WhiteElo "1992"]
[BlackElo "1882"]
[Result "0-1"]
[PlyCount "100"]
[EventDate "2012.11.01"]

1. Nf3 Nf6 2. g3 d5 3. Bg2 Bf5 4. d3 h6 5. O-O e6 6. Nbd2 Nbd7 7. Re1 Bc5 8. e4
Bh7 9. exd5 Nxd5 10. d4 Be7 11. a3 O-O 12. c4 N5f6 13. Ne5 c6 14. Qe2 Nxe5 15.
dxe5 Nd7 16. Nf1 Nc5 17. Rd1 Qc7 18. b4 Nb3 19. Ra2 Nxc1 20. Rxc1 a5 21. Rb2
axb4 22. axb4 Rfd8 23. Be4 Rd4 24. Bxh7+ Kxh7 25. Nd2 Rad8 26. c5 b5 27. Nf3
Rd3 28. Rcc2 Qd7 29. Rd2 Rd5 30. Rxd5 exd5 31. Nd4 Ra8 32. Ra2 Qc8 33. Rxa8
Qxa8 34. Kg2 g6 35. Qg4 Qe8 36. f4 Bf8 37. h4 h5 38. Qe2 Bg7 39. g4 hxg4 40.
Qxg4 f6 41. f5 fxe5 42. Qxg6+ Qxg6+ 43. fxg6+ Kxg6 44. Nxc6 d4 45. Kf1 d3 46.
Na7 e4 47. c6 e3 48. Nxb5 e2+ 49. Ke1 Bf6 50. c7 Bxh4+ 0-1

[Event "VI Weekend Firenzescacchi A"]
[Site "Firenze ITA"]
[Date "2012.11.04"]
[Round "6"]
[White "La Cognata, Lorenzo"]
[Black "Bonacchi, Roberto"]
[WhiteElo "1674"]
[BlackElo "1566"]
[Result "0-1"]
[PlyCount "68"]
[EventDate "2012.11.01"]

1. e4 c5 2. Nc3 Nc6 3. g3 g6 4. Bg2 Bg7 5. d3 d6 6. Be3 Nd4 7. Nf3 Qa5 8. Bd2
Qd8 9. O-O Bg4 10. h3 Nxf3+ 11. Bxf3 Bxh3 12. Re1 Bc8 13. Qc1 e6 14. Ne2 Ne7
15. c3 Nc6 16. Kg2 Ne5 17. Qc2 Qf6 18. Bf4 Nxf3 19. Kxf3 e5 20. Kg2 exf4 21.
Nxf4 O-O 22. Rh1 Be6 23. Rh2 h5 24. Rah1 b6 25. Qe2 Qg5 26. Rh4 d5 27. exd5
Bxd5+ 28. f3 Rfe8 29. Qf2 Re7 30. Nxh5 gxh5 31. Rxh5 Bxf3+ 32. Qxf3 Qd2+ 33.
Kh3 Rae8 34. Kg4 Qe2 0-1

[Event "VI Weekend Firenzescacchi A"]
[Site "Firenze ITA"]
[Date "2012.11.04"]
[Round "6"]
[White "Lantschner, Alexander"]
[Black "Francalanci, Giulio"]
[WhiteElo "1650"]
[BlackElo "1798"]
[Result "0-1"]
[PlyCount "86"]
[EventDate "2012.11.01"]

1. e4 e5 2. Bc4 Nf6 3. d3 Nc6 4. Nf3 Bc5 5. Nc3 d6 6. h3 h6 7. Be3 Qe7 8. Bxc5
dxc5 9. a3 Bd7 10. Nd5 Nxd5 11. Bxd5 O-O-O 12. Qd2 f5 13. O-O-O f4 14. Qc3 Nd4
15. Nxd4 cxd4 16. Qb3 c6 17. Bf7 Rhf8 18. Bh5 Kb8 19. c3 Be6 20. c4 c5 21. a4
Qh4 22. Bf3 Qxf2 23. a5 Qh4 24. Kc2 Qe7 25. Ra1 Rd6 26. a6 b6 27. Qa3 Rc6 28.
Rhb1 Qh4 29. Rd1 Rfc8 30. b4 cxb4 31. Qxb4 Bxc4 32. Rd2 Qg5 33. Bg4 Be6+ 34.
Kb2 Bxg4 35. hxg4 Rc5 36. Rc1 Rxc1 37. Qd6+ R1c7 38. Rc2 Qe7 39. Rxc7 Qxc7 40.
Qd5 Qc3+ 41. Kb1 Qc1+ 42. Ka2 Rc2+ 43. Kb3 Rb2+ 0-1

[Event "VI Weekend Firenzescacchi A"]
[Site "Firenze ITA"]
[Date "2012.11.04"]
[Round "6"]
[White "Malescusi, Dea Nataraj"]
[Black "Cignolini, Eugenio"]
[WhiteElo "1669"]
[BlackElo "1661"]
[Result "1-0"]
[PlyCount "39"]
[EventDate "2012.11.01"]

1. d4 f5 2. c4 d5 3. Nc3 c6 4. Bg5 Nf6 5. e3 e6 6. Bd3 Be7 7. Nf3 O-O 8. Qe2
Nbd7 9. O-O Qe8 10. cxd5 cxd5 11. Nb5 Bd8 12. Rac1 Bb6 13. Nc7 Bxc7 14. Rxc7 a6
15. Rfc1 Qg6 16. Bf4 Ne4 17. Ne5 Qe8 18. Nxd7 Bxd7 19. Rxb7 Bb5 20. Rcc7 1-0

[Event "VI Weekend Firenzescacchi A"]
[Site "Firenze ITA"]
[Date "2012.11.04"]
[Round "6"]
[White "Novelli, Cristiano"]
[Black "Ghods, Maziar"]
[WhiteElo "2022"]
[BlackElo "1896"]
[Result "1-0"]
[PlyCount "35"]
[EventDate "2012.11.01"]

1. e4 e6 2. d4 d5 3. e5 c5 4. c3 Nc6 5. Nf3 Bd7 6. Bd3 Rc8 7. O-O cxd4 8. Qe2
a6 9. Rd1 Nge7 10. a3 dxc3 11. Nxc3 Ng6 12. Bg5 Qc7 13. Rac1 Ngxe5 14. Nxd5
Nxf3+ 15. gxf3 Qe5 16. Qxe5 Nxe5 17. Rxc8+ Bxc8 18. Bb5+ 1-0

[Event "VI Weekend Firenzescacchi A"]
[Site "Firenze ITA"]
[Date "2012.11.04"]
[Round "6"]
[White "Omeri, Silvan"]
[Black "Efimov, Igor"]
[WhiteElo "2194"]
[BlackElo "2406"]
[Result "0-1"]
[PlyCount "68"]
[EventDate "2012.11.01"]

1. d4 d5 2. Nf3 Nf6 3. Bf4 g6 4. e3 Bg7 5. Bd3 O-O 6. h3 c5 7. c3 Qb6 8. Qb3
Nc6 9. Nbd2 c4 10. Qxb6 axb6 11. Bc2 b5 12. Ne5 Nd7 13. Nxc6 bxc6 14. O-O c5
15. a3 Bb7 16. Nf3 f6 17. dxc5 e5 18. Bg3 Nxc5 19. Rad1 Rad8 20. Ne1 f5 21. Nf3
Rfe8 22. Nd2 d4 23. cxd4 exd4 24. exd4 Rxd4 25. b4 Nd3 26. Bxd3 Rxd3 27. Nb1
Rxd1 28. Rxd1 c3 29. Rc1 Rc8 30. Bf4 c2 31. Nd2 Bb2 32. Nb3 Bd5 33. Nc5 Bxc1
34. Bxc1 Re8 0-1

[Event "VI Weekend Firenzescacchi A"]
[Site "Firenze ITA"]
[Date "2012.11.04"]
[Round "6"]
[White "Pavan, Federico"]
[Black "Petri, Petrag"]
[WhiteElo "1696"]
[BlackElo "1588"]
[Result "1-0"]
[PlyCount "71"]
[EventDate "2012.11.01"]

1. c4 Nf6 2. g3 d5 3. cxd5 Qxd5 4. Nf3 c6 5. Nc3 Qa5 6. Bg2 Bf5 7. O-O e6 8. d3
Bd6 9. a3 Nbd7 10. Bd2 Qc7 11. Rc1 a6 12. e4 Bg4 13. Qc2 Bxf3 14. Bxf3 Ne5 15.
Bg2 c5 16. f4 h5 17. fxe5 Bxe5 18. Bf4 Bd4+ 19. Kh1 e5 20. Bg5 h4 21. Bxh4 Qd6
22. Bxf6 gxf6 23. Qa4+ Kf8 24. Qb3 Kg7 25. Nd5 Qd7 26. Rf5 Rh6 27. Rcf1 Rah8
28. h3 b5 29. g4 c4 30. dxc4 bxc4 31. Qxc4 Qe6 32. Qc7 Bxb2 33. Nxf6 Rxh3+ 34.
Bxh3 Rxh3+ 35. Kg2 Qb3 36. Nh5+ 1-0

[Event "VI Weekend Firenzescacchi A"]
[Site "Firenze ITA"]
[Date "2012.11.04"]
[Round "6"]
[White "Stirpe, Claudio"]
[Black "Gori, Marco"]
[WhiteElo "1995"]
[BlackElo "1823"]
[Result "1-0"]
[PlyCount "143"]
[EventDate "2012.11.01"]

1. d4 d5 2. c4 c6 3. Nf3 Nf6 4. Nc3 e6 5. e3 Nbd7 6. Qc2 Bd6 7. g4 h6 8. Rg1
Ng8 9. e4 Bb4 10. e5 dxc4 11. Bxc4 Nb6 12. Bd3 Nd5 13. g5 Qa5 14. Bd2 Bd7 15.
gxh6 gxh6 16. Rg7 Nge7 17. O-O-O O-O-O 18. Rxf7 Be8 19. Rg7 Bh5 20. Be4 Rdf8
21. Nxd5 Nxd5 22. Qb3 Bxd2+ 23. Nxd2 Qb6 24. Qxb6 axb6 25. f3 Rhg8 26. Rdg1
Rxg7 27. Rxg7 Nf4 28. Kc2 Rf7 29. Rg8+ Kc7 30. Rh8 c5 31. dxc5 bxc5 32. Rxh6 b5
33. Nf1 Rg7 34. Ng3 Bg6 35. Bxg6 Nxg6 36. Ne4 Nxe5 37. Nxc5 Rg2+ 38. Kb3 Nc4
39. Nxe6+ Kc8 40. Rh8+ Kd7 41. Nc5+ Ke7 42. Nd3 Nd2+ 43. Kb4 Nxf3 44. Kxb5 Rd2
45. Kc4 Nxh2 46. a4 Kd7 47. Rb8 Kc7 48. Rb3 Nf3 49. a5 Rd1 50. Ra3 Nd2+ 51. Kb5
Rh1 52. b4 Rh3 53. Rc3+ Kb8 54. Kc6 Nb1 55. Rc1 Nd2 56. Nc5 Rh6+ 57. Kb5 Rh5
58. Rg1 Ne4 59. Rg8+ Ka7 60. Rg7+ Kb8 61. Rg6 Ka7 62. Rg7+ Kb8 63. Re7 Nd6+ 64.
Kc6 Rh6 65. Nd7+ Ka8 66. Kd5 Nc8 67. Re8 Rh5+ 68. Kc6 Ka7 69. Rxc8 Rh4 70. Rc7+
Ka8 71. Nb6+ Kb8 72. Rc8+ 1-0

[Event "VI Weekend Firenzescacchi A"]
[Site "Firenze ITA"]
[Date "2012.11.04"]
[Round "7"]
[White "Bini, Alessandro"]
[Black "Innocenti, Luca"]
[WhiteElo "1859"]
[BlackElo "1992"]
[Result "1/2-1/2"]
[PlyCount "65"]
[EventDate "2012.11.01"]

1. c4 e6 2. Nf3 Nf6 3. e3 d5 4. cxd5 exd5 5. Nc3 c6 6. Qc2 Bd6 7. d4 O-O 8. Bd3
Re8 9. h3 Be6 10. Ng5 h6 11. Nxe6 Rxe6 12. Bf5 Re7 13. Bd2 Nbd7 14. O-O-O b5
15. g4 Nb6 16. Rhg1 b4 17. Na4 Nxa4 18. Qxa4 Qb6 19. g5 hxg5 20. Rxg5 Ne4 21.
Bxe4 Rxe4 22. Rdg1 Bf8 23. Qd1 c5 24. f3 Rh4 25. Qe1 Rxh3 26. Qf1 Rh2 27. R1g3
cxd4 28. Qg1 Rh7 29. exd4 b3 30. axb3 Rc8+ 31. Bc3 Qxb3 32. f4 a5 33. Qd1
1/2-1/2

[Event "VI Weekend Firenzescacchi A"]
[Site "Firenze ITA"]
[Date "2012.11.04"]
[Round "7"]
[White "Bini, Lorenzo"]
[Black "Cerri, Paolo"]
[WhiteElo "1941"]
[BlackElo "1546"]
[Result "1-0"]
[PlyCount "133"]
[EventDate "2012.11.01"]

1. f4 d5 2. e3 Nf6 3. d3 c5 4. Be2 e6 5. Nf3 g6 6. c3 Bg7 7. Nbd2 O-O 8. Nf1
Nbd7 9. h3 Qc7 10. g4 e5 11. g5 Ne8 12. Ng3 exf4 13. exf4 Nd6 14. O-O Re8 15.
Kg2 Nf8 16. Nh4 Nf5 17. Nhxf5 Bxf5 18. Bg4 Bxg4 19. Qxg4 Qc6 20. Kh2 Re7 21.
Bd2 Rae8 22. Rad1 Qa6 23. Bc1 Qc6 24. Kg1 a6 25. f5 gxf5 26. Rxf5 Re1+ 27. Rf1
Rxd1 28. Qxd1 Qg6 29. Qf3 Ne6 30. h4 Be5 31. Nf5 Bg7 32. h5 Nxg5 33. hxg6 Nxf3+
34. Rxf3 fxg6 35. Nxg7 Kxg7 36. Re3 Rxe3 37. Bxe3 c4 38. dxc4 dxc4 39. Bb6 Kf6
40. Kf2 Ke5 41. Ke3 g5 42. b3 cxb3 43. axb3 h5 44. Kf3 Kd5 45. Bd8 g4+ 46. Kf4
b5 47. Ba5 Kc6 48. Kg3 Kd5 49. Kf4 Kc6 50. Bd8 Kd5 51. b4 Kc4 52. Bf6 Kd5 53.
Bd4 Kc4 54. Kg3 Kd3 55. Bf6 Kc4 56. Kh4 Kd3 57. Be5 Kc4 58. Kxh5 g3 59. Bxg3
Kxc3 60. Be1+ Kb3 61. Kg5 Kc4 62. Kf5 Kd5 63. Kf6 Kd6 64. Bg3+ Kc6 65. Ke6 Kb6
66. Kd7 a5 67. Bc7+ 1-0

[Event "VI Weekend Firenzescacchi A"]
[Site "Firenze ITA"]
[Date "2012.11.04"]
[Round "7"]
[White "Bonacchi, Roberto"]
[Black "Burgassi, Daniele"]
[WhiteElo "1566"]
[BlackElo "1802"]
[Result "1/2-1/2"]
[PlyCount "44"]
[EventDate "2012.11.01"]

1. e4 c5 2. Nc3 Nc6 3. g3 g6 4. Bg2 Bg7 5. d3 d6 6. Be3 e5 7. Qd2 Nge7 8. Bh6
Bxh6 9. Qxh6 Nd4 10. Qd2 Be6 11. Nge2 Nec6 12. Nxd4 Nxd4 13. Ne2 Bh3 14. Nxd4
Bxg2 15. Rg1 Bxe4 16. dxe4 cxd4 17. O-O-O Qc7 18. f4 O-O-O 19. Kb1 Kb8 20. Rc1
Qb6 21. Rgf1 Rhf8 22. f5 Qc6 1/2-1/2

[Event "VI Weekend Firenzescacchi A"]
[Site "Firenze ITA"]
[Date "2012.11.04"]
[Round "7"]
[White "Cignolini, Eugenio"]
[Black "Lantschner, Carmen"]
[WhiteElo "1661"]
[BlackElo "1662"]
[Result "0-1"]
[PlyCount "94"]
[EventDate "2012.11.01"]

1. c4 d6 2. d4 Nf6 3. Nc3 g6 4. Nf3 Bg7 5. g3 O-O 6. Bg2 Bd7 7. O-O Qc8 8. Re1
c5 9. e4 cxd4 10. Nxd4 Nc6 11. Nxc6 Bxc6 12. Rb1 Qd7 13. Nd5 b6 14. b3 Nxd5 15.
exd5 Bb7 16. Qd2 Rae8 17. Bb2 e6 18. Bxg7 Kxg7 19. dxe6 Rxe6 20. Rxe6 fxe6 21.
Bxb7 Qxb7 22. Qxd6 Qf7 23. Qe5+ Kg8 24. Rf1 h6 25. c5 bxc5 26. Qxc5 Rd8 27. Qe3
Kh7 28. h4 h5 29. Rc1 Rd7 30. Kg2 Rd6 31. Rc8 Qb7+ 32. Qf3 Qxc8 33. Qf7+ Kh8
34. Qf6+ Kg8 35. Qxg6+ Kf8 36. Qf6+ Ke8 37. Qg6+ Kd8 38. Qxh5 Qc6+ 39. Kh2 Kc7
40. Qg4 Rd2 41. Qf4+ Qd6 42. Qc4+ Kd8 43. Qf1 Qd5 44. Kh3 Qf5+ 45. Kg2 Qd5+ 46.
Kh3 Rd1 47. Qe2 Rh1+ 0-1

[Event "VI Weekend Firenzescacchi A"]
[Site "Firenze ITA"]
[Date "2012.11.04"]
[Round "7"]
[White "Efimov, Igor"]
[Black "Garofalo, Simone"]
[WhiteElo "2406"]
[BlackElo "2009"]
[Result "1-0"]
[PlyCount "49"]
[EventDate "2012.11.01"]

1. d4 Nf6 2. c4 g6 3. g3 Bg7 4. Bg2 O-O 5. Nc3 d6 6. e3 Nc6 7. Nge2 e5 8. O-O
Rb8 9. b3 h5 10. d5 Ne7 11. e4 Nh7 12. Be3 Ra8 13. f4 h4 14. Qd2 hxg3 15. Nxg3
Nf6 16. f5 Kh7 17. Bg5 Neg8 18. h4 Bh6 19. Bh3 Kg7 20. Kg2 c6 21. Rad1 Qa5 22.
Rf3 cxd5 23. exd5 Nh7 24. Bxh6+ Nxh6 25. f6+ 1-0

[Event "VI Weekend Firenzescacchi A"]
[Site "Firenze ITA"]
[Date "2012.11.04"]
[Round "7"]
[White "Engl, Alexander"]
[Black "Pavan, Federico"]
[WhiteElo "1737"]
[BlackElo "1696"]
[Result "1-0"]
[PlyCount "45"]
[EventDate "2012.11.01"]

1. f4 d5 2. Nf3 Nf6 3. g3 g6 4. Bg2 Bg7 5. d3 O-O 6. c3 c6 7. Na3 Bg4 8. Ne5
Bd7 9. e4 Qc7 10. Be3 Na6 11. O-O dxe4 12. dxe4 Rad8 13. Qc2 Ng4 14. Nxg4 Bxg4
15. f5 gxf5 16. exf5 Bh5 17. Qa4 Ra8 18. g4 b5 19. Qe4 Be5 20. gxh5 Bxh2+ 21.
Kh1 Kh8 22. f6 exf6 23. Rxf6 1-0

[Event "VI Weekend Firenzescacchi A"]
[Site "Firenze ITA"]
[Date "2012.11.04"]
[Round "7"]
[White "Francalanci, Giulio"]
[Black "Engl, Stefan"]
[WhiteElo "1798"]
[BlackElo "1857"]
[Result "1-0"]
[PlyCount "69"]
[EventDate "2012.11.01"]

1. e4 d5 2. exd5 Qxd5 3. Nc3 Qd6 4. d4 Nf6 5. Nf3 c6 6. Ne5 Bf5 7. Bc4 e6 8.
Bf4 Qb4 9. Bb3 Nbd7 10. a3 Qa5 11. Nc4 Qd8 12. O-O Nb6 13. Re1 Be7 14. Qe2 O-O
15. Rad1 Nbd5 16. Nxd5 Nxd5 17. Be5 Bg6 18. Ne3 Rc8 19. c4 Nxe3 20. Qxe3 Qb6
21. Qc3 Rfe8 22. Ba2 a5 23. h3 Qa7 24. Re3 Red8 25. Qe1 Bd6 26. d5 Bc5 27. Re2
cxd5 28. cxd5 exd5 29. Rxd5 Rxd5 30. Bxd5 Bf5 31. Bd4 Bd7 32. Bc3 b6 33. Re7
Bxe7 34. Qxe7 Rf8 35. Qg5 1-0

[Event "VI Weekend Firenzescacchi A"]
[Site "Firenze ITA"]
[Date "2012.11.04"]
[Round "7"]
[White "Gori, Marco"]
[Black "Bagaglia, Riccardo"]
[WhiteElo "1823"]
[BlackElo "1773"]
[Result "0-1"]
[PlyCount "94"]
[EventDate "2012.11.01"]

1. d4 Nf6 2. Nf3 g6 3. Nbd2 d5 4. c4 c6 5. e3 Bg7 6. Bd3 O-O 7. O-O Nfd7 8. Qb3
e5 9. cxd5 exd4 10. Nxd4 Nc5 11. Qc2 Nxd3 12. Qxd3 Qxd5 13. Qe4 Qd8 14. N2b3
Re8 15. Qf3 Nd7 16. Rd1 Qc7 17. Rb1 Nf6 18. h3 Bd7 19. Bd2 Rac8 20. Rdc1 Ne4
21. Bb4 Qb8 22. Nd2 Nxd2 23. Bxd2 c5 24. Nc2 Be6 25. b3 Red8 26. Be1 Bd5 27. e4
Bc6 28. Qe3 Re8 29. f3 f5 30. Bc3 fxe4 31. Bxg7 Kxg7 32. f4 b6 33. Na3 Rcd8 34.
Rc3 Rd7 35. Nc4 Red8 36. Ne5 Rd1+ 37. Rxd1 Rxd1+ 38. Kh2 Bb7 39. Qe2 Qd8 40.
Rc2 h5 41. a3 a6 42. b4 Qd4 43. bxc5 h4 44. Qf2 Qxf2 45. Rxf2 e3 46. Re2 Rd2
47. c6 Bxc6 0-1

[Event "VI Weekend Firenzescacchi A"]
[Site "Firenze ITA"]
[Date "2012.11.04"]
[Round "7"]
[White "Landi, Alberto"]
[Black "Donzellotti, Giuseppe"]
[WhiteElo "1578"]
[BlackElo "1511"]
[Result "1-0"]
[PlyCount "119"]
[EventDate "2012.11.01"]

1. e4 b6 2. d4 Bb7 3. Nc3 e6 4. Nf3 Bb4 5. Bd3 d5 6. exd5 Bxd5 7. Bd2 Nf6 8.
Nxd5 Bxd2+ 9. Qxd2 Nxd5 10. c4 Nf6 11. O-O O-O 12. Qf4 Qd6 13. Qh4 h6 14. Rad1
Nbd7 15. Rfe1 c5 16. d5 exd5 17. cxd5 Nxd5 18. Bc4 N7f6 19. Rxd5 Nxd5 20. Rd1
Rad8 21. Bxd5 Qe6 22. Qc4 Qf6 23. h3 Rd6 24. Qe2 Rfd8 25. Bb3 Rxd1+ 26. Bxd1
Qd6 27. Bb3 Qd3 28. Qxd3 Rxd3 29. Kf1 b5 30. Ke2 c4 31. Bc2 Rd6 32. Nd2 Kf8 33.
a4 a6 34. Be4 Ke7 35. Kd1 Rb6 36. Kc2 Kd6 37. a5 Rb8 38. b4 cxb3+ 39. Kxb3 Kc5
40. Nf3 b4 41. Bd3 Ra8 42. Bc4 f6 43. Ne1 Rc8 44. Bxa6 Ra8 45. Nd3+ Kd4 46.
Nxb4 Kc5 47. Kc3 Rb8 48. Nd3+ Kc6 49. Bc4 Rb1 50. Kd4 Ra1 51. a6 Kb6 52. Kd5
Ra3 53. Nf4 Ra5+ 54. Ke6 Re5+ 55. Kf7 Re4 56. Nd5+ Ka7 57. Ne3 f5 58. Bd3 Re5
59. Bxf5 Kxa6 60. Kxg7 1-0

[Event "VI Weekend Firenzescacchi A"]
[Site "Firenze ITA"]
[Date "2012.11.04"]
[Round "7"]
[White "Petri, Petrag"]
[Black "Malescusi, Dea Nataraj"]
[WhiteElo "1588"]
[BlackElo "1669"]
[Result "1/2-1/2"]
[PlyCount "48"]
[EventDate "2012.11.01"]

1. d4 Nf6 2. Nf3 g6 3. Bf4 Bg7 4. c3 O-O 5. Nbd2 d6 6. e3 c5 7. Bd3 Nc6 8. Qc2
Bd7 9. Bg5 cxd4 10. exd4 Rc8 11. a3 a6 12. h4 Qe8 13. Bxf6 Bxf6 14. h5 Nxd4 15.
Nxd4 Bxd4 16. hxg6 hxg6 17. O-O-O Kg7 18. Nf3 Ba4 19. Qd2 Ba7 20. Qh6+ Kf6 21.
Rde1 e5 22. Qg5+ Kg7 23. Qh6+ Kf6 24. Rh5 Qd7 1/2-1/2

[Event "VI Weekend Firenzescacchi A"]
[Site "Firenze ITA"]
[Date "2012.11.04"]
[Round "7"]
[White "Resch, Aaron"]
[Black "Calcagnile, Lucio"]
[WhiteElo "1692"]
[BlackElo "2025"]
[Result "0-1"]
[PlyCount "51"]
[EventDate "2012.11.01"]

1. e4 c5 2. Nf3 d6 3. d4 cxd4 4. Nxd4 Nf6 5. Nc3 a6 6. Be2 e5 7. Nf3 b5 8. Bg5
Nbd7 9. Qd2 Bb7 10. Qe3 Be7 11. Bxf6 Nxf6 12. O-O O-O 13. Rfd1 Qa5 14. a3 Rac8
15. b4 Qc7 16. Rd3 g6 17. Rc1 Rfd8 18. Na2 Ng4 19. Qd2 Bxe4 20. Rb3 Qb6 21. Bf1
Bf8 22. c4 Bh6 23. Ng5 bxc4 24. Bxc4 Bxg5 25. Qxg5 Qxf2+ 26. Kh1 0-1

[Event "VI Weekend Firenzescacchi A"]
[Site "Firenze ITA"]
[Date "2012.11.04"]
[Round "7"]
[White "Scali, Fausto"]
[Black "Novelli, Cristiano"]
[WhiteElo "1882"]
[BlackElo "2022"]
[Result "0-1"]
[PlyCount "106"]
[EventDate "2012.11.01"]

1. d4 d5 2. c4 e6 3. Nc3 c6 4. e3 f5 5. Nf3 Nf6 6. Bd3 Bd6 7. O-O O-O 8. c5 Bc7
9. b4 Ne4 10. Bb2 Nd7 11. b5 e5 12. Ne2 Qe7 13. bxc6 bxc6 14. Qa4 Rf6 15. Bxe4
fxe4 16. Nxe5 Nxe5 17. dxe5 Bxe5 18. Bxe5 Qxe5 19. Qd4 Qe8 20. Nf4 Rh6 21. Rfe1
Ba6 22. h3 Rf6 23. Rab1 Qf7 24. Qe5 Re8 25. Rb8 Bc8 26. Qh5 Rxf4 27. Qg5 Rxf2
28. Reb1 Rf8 29. Qg3 Rxa2 30. Ra8 h6 31. Rbb8 Qf1+ 32. Kh2 Ra1 33. Qg6 Qg1+ 34.
Kg3 Qxe3+ 35. Kh2 Qf4+ 36. Qg3 Rh1+ 37. Kxh1 Qxg3 38. Rxc8 Rxc8 39. Rxc8+ Kf7
40. Rxc6 e3 41. Ra6 e2 42. Rxa7+ Ke6 43. Ra6+ Ke5 44. Ra1 d4 45. c6 e1=R+ 46.
Rxe1+ Qxe1+ 47. Kh2 Kd6 48. c7 Kxc7 49. h4 Qxh4+ 50. Kg1 Qg3 51. Kf1 d3 52. Kg1
d2 53. Kf1 d1=Q# 0-1

[Event "VI Weekend Firenzescacchi A"]
[Site "Firenze ITA"]
[Date "2012.11.04"]
[Round "7"]
[White "Seletsky, Grigory"]
[Black "Ghods, Maziar"]
[WhiteElo "2297"]
[BlackElo "1896"]
[Result "1-0"]
[PlyCount "57"]
[EventDate "2012.11.01"]

1. e4 e6 2. d4 d5 3. Nc3 Bb4 4. e5 c5 5. a3 Bxc3+ 6. bxc3 Ne7 7. Nf3 Nbc6 8.
Bd3 Qa5 9. Bd2 c4 10. Be2 Bd7 11. O-O f6 12. exf6 gxf6 13. Qb1 O-O-O 14. Qb2 e5
15. dxe5 fxe5 16. Bg5 Qc7 17. Rab1 b6 18. a4 Rde8 19. Qa3 Rhg8 20. a5 e4 21.
axb6 axb6 22. Be3 exf3 23. Bxf3 d4 24. cxd4 Nf5 25. Qa6+ Qb7 26. Qxc4 Nxe3 27.
fxe3 Kb8 28. Qd3 Qc7 29. Qa6 1-0

[Event "VI Weekend Firenzescacchi A"]
[Site "Firenze ITA"]
[Date "2012.11.04"]
[Round "7"]
[White "Stirpe, Claudio"]
[Black "Omeri, Silvan"]
[WhiteElo "1995"]
[BlackElo "2194"]
[Result "1/2-1/2"]
[PlyCount "143"]
[EventDate "2012.11.01"]

1. d4 Nf6 2. c4 e6 3. Nc3 Bb4 4. Qc2 O-O 5. Bg5 d6 6. a3 Bxc3+ 7. Qxc3 h6 8.
Bxf6 Qxf6 9. Nf3 Nc6 10. Rd1 e5 11. d5 Ne7 12. c5 Bg4 13. cxd6 cxd6 14. Qb4
Bxf3 15. gxf3 Nf5 16. Qe4 Nd4 17. Bg2 Qg6 18. Qxg6 fxg6 19. Bh3 Kh7 20. Rc1 Rf7
21. Rc3 a5 22. Kd2 a4 23. Rd1 Ra5 24. Ke1 Re7 25. Kf1 Nb3 26. Rc8 Nc5 27. Rd8
Ra6 28. Rc1 Rc7 29. Kg2 h5 30. Be6 Kh6 31. Rc4 g5 32. h4 gxh4 33. f4 exf4 34.
Rxf4 Re7 35. Rxh4 Kg5 36. Rb4 Nxe6 37. dxe6 Rxe6 38. Rxb7 g6 39. e3 Rc6 40.
Rb5+ Kf6 41. Rb4 Rc2 42. Ra8 Rxe3 43. Raxa4 Ree2 44. Rf4+ Kg5 45. Rf3 Rxb2 46.
Rd4 Red2 47. Rxd2 Rxd2 48. a4 Rd5 49. Ra3 Ra5 50. Rd3 d5 51. Rd4 Kf5 52. Kf3 g5
53. Ke3 h4 54. Kf3 Rc5 55. Kg2 Ke5 56. Rg4 Kf6 57. Rd4 Kf5 58. Kh2 g4 59. Kg2
h3+ 60. Kg3 Rc3+ 61. Kh2 Rc2 62. Kg3 Rc3+ 63. Kh2 Ra3 64. Rxd5+ Ke4 65. Rg5 Kf4
66. Rg8 Kf3 67. Rf8+ Ke2 68. Rf4 Rf3 69. Rxg4 Kxf2 70. Rb4 Ra3 71. Rb2+ Ke1 72.
a5 1/2-1/2